|
|
|
|
| LEADER |
00000nam2a2200000 4500 |
| 001 |
259329 |
| 005 |
20231101233358.0 |
| 020 |
|
|
|a RU
|b 89-40582
|
| 035 |
|
|
|a (RuTPU)RU\TPU\book\282255
|
| 035 |
|
|
|a RU\TPU\book\276560
|
| 090 |
|
|
|a 259329
|
| 100 |
|
|
|a 20140507d1989 k y0rusy5003 ca
|
| 101 |
0 |
|
|a rus
|
| 102 |
|
|
|a RU
|
| 105 |
|
|
|a a z 001zy
|
| 200 |
0 |
|
|a [Вып. 12] : Сборник научных трудов к 90-летию института
|
| 210 |
|
|
|d 1989
|
| 215 |
|
|
|a 121,[3] с.
|c ил.
|
| 300 |
|
|
|a К 90-летию ин-та
|
| 320 |
|
|
|a Библиогр. в конце ст.
|
| 461 |
|
1 |
|0 (RuTPU)RU\TPU\book\276560
|t Рациональное использование природных ресурсов и охрана окружающей среды
|o межвузовский сборник
|f Ленинградский политехнический институт им. М. И. Калинина (ЛПИ) ; гл. ред. Ю. С. Васильев
|v [Вып. 12] : Сборник научных трудов к 90-летию института
|d 1977-1990
|
| 606 |
1 |
|
|a Природные ресурсы
|x Рациональное использование
|2 stltpush
|3 (RuTPU)RU\TPU\subj\38965
|9 59209
|
| 610 |
1 |
|
|a водные ресурсы
|
| 610 |
1 |
|
|a воды
|
| 610 |
1 |
|
|a окружающая среда
|
| 610 |
1 |
|
|a атмосфера
|
| 610 |
1 |
|
|a земельные ресурсы
|
| 610 |
1 |
|
|a безотходное производство
|
| 610 |
1 |
|
|a токсичность
|
| 610 |
1 |
|
|a охрана
|
| 610 |
1 |
|
|a охрана
|
| 675 |
|
|
|a 504.06(082)
|v 3
|
| 801 |
|
0 |
|a RU
|b RuMRKP
|c 19950417
|g psbo
|
| 801 |
|
1 |
|a RU
|b 63413507
|c 20140319
|
| 801 |
|
2 |
|a RU
|b 63413507
|c 20170317
|g RCR
|
| 942 |
|
|
|c BK
|